[Event "HUN-chT2 Breyer 2223"]
[Site "Hungary"]
[Date "2023.04.23"]
[Round "11.9"]
[White "Gondor, Jakab"]
[Black "Bilibok, Csaba"]
[Result "1-0"]
[WhiteElo "1456"]
[BlackElo "1669"]
[PlyCount "85"]
[EventDate "2022.10.16"]
[EventType "team-tourn"]
[EventRounds "11"]
[EventCountry "HUN"]
[SourceTitle "EXT 2025"]
[Source "ChessBase"]
[SourceDate "2024.10.14"]
[SourceVersion "1"]
[SourceVersionDate "2024.10.14"]
[SourceQuality "1"]
[WhiteTeam "Budapest MTK II"]
[BlackTeam "Torokbalint"]
[WhiteTeamCountry "HUN"]
[BlackTeamCountry "HUN"]

1. d4 d5 2. c4 Nf6 3. cxd5 Qxd5 4. Nc3 Qd8 5. e4 e6 6. Nf3 Be7 7. Bd3 h6 8. Bf4 c6 9. Rc1 Nh5 10. Be3 Nf6 11. 0-0 0-0 12. Bb1 b6 13. Qc2 Ng4 14. e5 g6 15. Bd2 c5 16. Qe4 cxd4 17. Ne2 Ba6 18. Rfe1 Nd7 19. Qxg4 d3 20. Ned4 h5 21. Qf4 g5 22. Nxg5 Bxg5 23. Qxg5+ Qxg5 24. Bxg5 Nc5 25. b4 Rad8 26. Nf3 Na4 27. Bxd8 Rxd8 28. Red1 Nb2 29. Rd2 Nc4 30. Rxd3 Rc8 31. Rdc3 b5 32. Bd3 Kg7 33. Bxc4 bxc4 34. Nd2 Rb8 35. a3 Rd8 36. Nxc4 Rd5 37. f4 Rd4 38. g3 Kg6 39. Nd6 f6 40. b5 fxe5 41. fxe5 Kg5 42. bxa6 Kg4 43. Rc4 1-0

[Event "HUN-chT2 Breyer 2223"]
[Site "Hungary"]
[Date "2022.12.18"]
[Round "5.8"]
[White "Kosa, Andras Jozsef"]
[Black "Bilibok, Csaba"]
[Result "1/2-1/2"]
[WhiteElo "1723"]
[BlackElo "1669"]
[PlyCount "121"]
[EventDate "2022.10.16"]
[EventType "team-tourn"]
[EventRounds "11"]
[EventCountry "HUN"]
[SourceTitle "EXT 2025"]
[Source "ChessBase"]
[SourceDate "2024.10.14"]
[SourceVersion "1"]
[SourceVersionDate "2024.10.14"]
[SourceQuality "1"]
[WhiteTeam "Nyergesujfalu"]
[BlackTeam "Torokbalint"]
[WhiteTeamCountry "HUN"]
[BlackTeamCountry "HUN"]

1. e4 Nc6 2. d4 d5 3. e5 e6 4. c3 Bd7 5. Nf3 h6 6. Bd3 a6 7. a4 Na7 8. 0-0 c5 9. dxc5 Bxc5 10. b4 Be7 11. Nbd2 b5 12. a5 Nc6 13. Nb3 Qc7 14. Re1 Rc8 15. Bd2 Qb7 16. Rc1 Qb8 17. Nbd4 Nxd4 18. Nxd4 Qa7 19. Qg4 Bf8 20. Re3 Ne7 21. Rf3 g6 22. Qf4 Nf5 23. Nxf5 gxf5 24. Be3 Qc7 25. Bb6 Qc6 26. h4 Be7 27. Rg3 Kf8 28. Be3 Qc7 29. Qd4 Ke8 30. Bxf5 Qc4 31. Qxc4 Rxc4 32. Bd3 Rxh4 33. f4 d4 34. Bxd4 Rxf4 35. Rf1 Rxf1+ 36. Kxf1 Bg5 37. Be3 Bxe3 38. Rxe3 Bc6 39. c4 Rg8 40. Be4 Bxe4 41. Rxe4 bxc4 42. Rxc4 Kd7 43. Kf2 Rb8 44. Kf3 Rb5 45. Kf4 f6 46. exf6 Rf5+ 47. Kg4 Rxf6 48. Kh5 Kd6 49. g4 e5 50. g5 hxg5 51. Kxg5 Rf1 52. Rc8 e4 53. Rd8+ Kc6 54. Rd4 e3 55. Re4 Re1 56. Kf4 e2 57. Kf3 Kb5 58. Rxe2 Rxe2 59. Kxe2 Kxb4 60. Kd2 Kxa5 61. Kc3 1/2-1/2

[Event "HUN-chT2 Breyer 2223"]
[Site "Hungary"]
[Date "2022.10.16"]
[Round "1.7"]
[White "Bilibok, Csaba"]
[Black "Tessedik, Karoly"]
[Result "0-1"]
[WhiteElo "1669"]
[BlackElo "1766"]
[PlyCount "72"]
[EventDate "2022.10.16"]
[EventType "team-tourn"]
[EventRounds "11"]
[EventCountry "HUN"]
[SourceTitle "EXT 2025"]
[Source "ChessBase"]
[SourceDate "2024.10.14"]
[SourceVersion "1"]
[SourceVersionDate "2024.10.14"]
[SourceQuality "1"]
[WhiteTeam "Torokbalint"]
[BlackTeam "Zsambek"]
[WhiteTeamCountry "HUN"]
[BlackTeamCountry "HUN"]

1. d4 Nf6 2. c4 e6 3. a3 c5 4. e3 b6 5. Nc3 Bb7 6. Nf3 cxd4 7. exd4 d5 8. Bg5 Be7 9. Bf4 0-0 10. cxd5 Nxd5 11. Be2 Nxf4 12. 0-0 Nxe2+ 13. Qxe2 Nd7 14. Rad1 Nf6 15. Ne5 Rc8 16. Rd3 Ba6 17. Qf3 Bxd3 18. Qxd3 Bd6 19. Nf3 Bb8 20. h3 e5 21. Re1 exd4 22. Nxd4 Qd6 23. Kf1 Rfd8 24. Rd1 Qc5 25. Kg1 Be5 26. Nce2 Bxd4 27. Nxd4 h6 28. Qe3 Rd7 29. Rd2 Rcd8 30. b4 Qc4 31. Nb3 Rxd2 32. Nxd2 Qc1+ 33. Nf1 Qxe3 34. Nxe3 Rd3 35. a4 Nd5 36. Nf5 Nxb4 0-1